Loading...
| Social Science | 0 | 3 | 0 | 2 | 30 | 77 | 99.00 | 0 | 0 | 6.31 | 6.94 |
| Current Events | 0 | 2 | 0 | 1 | 20 | 51 | 83.50 | 0 | 1 | 29.53 | 25.00 |
| History - American | 0 | 2 | 0 | 0 | 20 | 84 | 89.00 | 0 | 1 | 6.65 | 13.89 |
| Other Academic | 1 | 1 | 1 | 1 | 20 | 54 | 92.00 | 0 | 0 | 21.97 | 25.00 |
| Literature - British | 0 | 1 | 0 | 0 | 10 | 129 | 129.00 | 0 | 0 | 1.29 | 2.78 |
| Mythology | 0 | 1 | 0 | 1 | 10 | 131 | 131.00 | 0 | 0 | 0.17 | 4.17 |
| Fine Arts - Other | 0 | 1 | 0 | 1 | 10 | 117 | 117.00 | 0 | 0 | -0.60 | 1.39 |
| Fine Arts - Classical Music | 0 | 1 | 0 | 0 | 10 | 96 | 96.00 | 0 | 0 | 2.51 | 2.78 |
| Literature - European | 0 | 1 | 0 | 1 | 10 | 147 | 147.00 | 0 | 0 | 0.15 | 2.78 |
| Science - Biology | 0 | 1 | 0 | 0 | 10 | 111 | 111.00 | 0 | 0 | 0.29 | 5.56 |
| History - World | 0 | 1 | 1 | 1 | 5 | 130 | 130.00 | 0 | 0 | 0.08 | 1.39 |
| Literature - World | 0 | 0 | 0 | 0 | 0 | 0.00 | 0 | 0 | 0.00 | 0.00 | |
| Literature - American | 0 | 0 | 0 | 0 | 0 | 0.00 | 0 | 0 | 0.00 | 0.00 | |
| Religion | 0 | 0 | 0 | 0 | 0 | 0.00 | 0 | 0 | 0.00 | 0.00 | |
| History - European | 0 | 0 | 2 | 0 | -10 | 0.00 | 0 | 0 | 0.00 | 0.00 |